000
00285nam a22001457a 4500
003
SGT
082
_a
611
_b
G73W
100
_a
Warwick, Roger
245
_a
Gray's Anatomy
250
_a
35th Ed.
260
_b
Longman
_c
1973
300
_a
1471
650
_a
Anatomy
942
_2
ddc
_c
RARE
999
_c
33252
_d
33252